00386nam a2200121Ia 4500008004100000041000800041100002000049245008100069260004600150300000800196500002700204700003300231250110s9999 xx 000 0 und d aeng aLalbige Shivali aLandscape Policies And Design Guidelines For Urbaan Quarryscape Of Pune City bBNCA M.Arch. Landscape Architecturec2017 a86p aLandscape Architeture aGuide Name:Khatavkar Anupama